Introduction to animal reproduction

Wedi'i Gadw mewn:
Manylion Llyfryddiaeth
Prif Awdur: OSINOWO, O. A
Fformat: Llyfr
Iaith:Saesneg
Cyhoeddwyd: Sophie Academic Publishers 2016
Tagiau: Ychwanegu Tag
Dim Tagiau, Byddwch y cyntaf i dagio'r cofnod hwn!

MARC

LEADER 00000nam a22000007a 4500
008 201210b ||||| |||| 00| 0 eng d
020 |a 978-978-52473-0-5 
100 |a OSINOWO, O. A 
245 |a Introduction to animal reproduction  |c O. A. Osinowo  |g v, 118p.; ill. 
250 |b 2nd ed. 
260 |b Sophie Academic Publishers  |c 2016  |h Abeokuta, Nigeria  |i 689508   |i 689509  |i 689510   |i 68951  |i 1689512   |l SF871 .Os4  |m Livestock – Reproduction  |m Livestock – Breeding  |m Veterinary – Obstetrics  |m Artificial insemination 
942 |a lcc  |c BK  |e Kuteyi M. A.  |f 10/12/2020 
952 |0 0  |1 0  |2 lcc  |4 0  |6 SF0871 O S4  |7 0  |9 373  |a HOL  |b AG  |c QZ  |d 2020-12-10  |l 0  |o SF871 .Os4  |p 2020-2106  |r 2020-12-10 00:00:00  |w 2020-12-10  |y BK 
952 |0 0  |1 0  |2 lcc  |4 0  |6 SF0871 O S4  |7 0  |9 374  |a HOL  |b AG  |c QZ  |d 2020-12-10  |l 0  |o SF871 .Os4  |p 2020-2107  |r 2020-12-10 00:00:00  |w 2020-12-10  |y BK 
952 |0 0  |1 0  |2 lcc  |4 0  |6 SF0871 O S4  |7 0  |9 375  |a HOL  |b HOL  |c QZ  |d 2020-12-10  |l 0  |o SF871 .Os4  |p 2020-2108  |r 2020-12-10 00:00:00  |w 2020-12-10  |y BK 
952 |0 0  |1 0  |2 lcc  |4 0  |6 SF0871 O S4  |7 0  |9 376  |a HOL  |b HOL  |c QZ  |d 2020-12-10  |l 0  |o SF871 .Os4  |p 2020-2109  |r 2020-12-10 00:00:00  |w 2020-12-10  |y BK 
952 |0 0  |1 0  |2 lcc  |4 0  |6 SF0871 O S4  |7 0  |9 377  |a HOL  |b HOL  |c QZ  |d 2020-12-10  |l 0  |o SF871 .Os4  |p 2020-2110  |r 2020-12-10 00:00:00  |w 2020-12-10  |y BK 
999 |c 181  |d 181